Stravinsky in conversation with Robert Craft

Gespeichert in:
Bibliographische Detailangaben
Hauptverfasser: Craft, Robert (VerfasserIn), Stravinsky, Igor Federovich 1882-1971 (VerfasserIn)
Format: Buch
Sprache:Englisch
Veröffentlicht: Harmondsworth Penguin Books 1962
Schlagworte:
Tags: Tag hinzufügen
Keine Tags, Fügen Sie den ersten Tag hinzu!

MARC

LEADER 00000nam a2200000 a 4500
001 UCN1636
003 CL-VaPUC
005 20231023113127.0
008 010427e19620000uk |||||||||||||||||eng|d
999 |c 294887  |d 294885 
040 |c Pontificia Universidad Católica de Valparaíso 
082 0 4 |a 780.92 CRA 1962  |2 21 
100 0 |a Craft, Robert  |e author  |9 456868 
245 1 0 |a Stravinsky in conversation with Robert Craft 
260 |a Harmondsworth  |b Penguin Books  |c 1962 
300 |a 301 p 
583 |a last modification  |c 20171204 02:09:52  |k Rodrigo Vera 
600 0 |a Stravinsky, Igor Federovich  |d 1882-1971  |9 306253 
650 0 |a Compositores rusos  |9 329355 
650 0 |a Música, siglo 20  |9 324961 
650 0 |a Entrevistas  |9 265537 
700 |a Stravinsky, Igor Federovich  |d 1882-1971  |e author  |9 306253 
942 |c BK  |2 ddc 
945 |d 20010427 00:00:00  |a crobeson 
952 |0 0  |1 0  |2 ddc  |4 0  |6 780_920000000000000_CRA_1962  |7 0  |8 A  |9 347635  |a BIBEDU  |b BIBEDU  |d 2019-11-20  |i 1181017  |o 780.92 CRA 1962  |p 1181017  |r 2023-01-12  |w 2019-11-20  |y BK  |k MUS